|
|
|
|
| LEADER |
00962nam a2200253 a 4500 |
| 001 |
27234 |
| 003 |
BD-DhAAL |
| 008 |
130714s2012 ii a b 001 0 eng d |
| 999 |
|
|
|c 13685
|d 13685
|
| 020 |
|
|
|a 9788132108733
|
| 040 |
|
|
|a BD-DhAAL
|c BD-DhAAL.
|
| 082 |
0 |
0 |
|a 658.406
|2 22
|
| 100 |
1 |
|
|a Cawsey, Tupper F.
|9 40417
|
| 245 |
1 |
0 |
|a Organizational change :
|b an action-oriented toolkit,
|c Tupper F. Cawsey, Gene Deszca and Cynthia Ingols.
|
| 250 |
|
|
|a 2nd ed.
|
| 260 |
|
|
|a New Delhi :
|b Sage Publications,
|c 2012.
|
| 300 |
|
|
|a xv, 492 pages :
|b illustrations ;
|c 25 cm.
|
| 541 |
|
|
|e 27234
|
| 650 |
0 |
|
|a Organizational change
|9 40418
|
| 700 |
1 |
|
|a Deszca, Gene
|9 40419
|
| 700 |
1 |
|
|a Ingols, Cynthia
|9 40420
|
| 852 |
1 |
|
|a BRAC Institute of Governance and Development
|j General Stacks
|
| 942 |
|
|
|2 ddc
|c BK
|
| 952 |
|
|
|0 0
|1 0
|2 ddc
|4 0
|6 658_406000000000000_CAW
|7 0
|9 22921
|a IGS
|b IGS
|c GEN
|d 2013-07-19
|e Riza Enterprise
|g 3290.00
|l 0
|o 658.406 CAW
|p 3010027234
|r 2013-07-19
|t 1
|w 2013-07-19
|y BK
|